Prílev priamych zahraničných investícií v kontexte vývoja podnikateľského prostredia diplomová práca

Saved in:
Bibliographic Details
Main Author: Gerdová, Alexandra
Corporate Author: Podnikovohospodárska fakulta EU so sídlom v Košiciach. Katedra manažmentu
Other Authors: Bobenič Hintošová, Aneta, 1979-
Format: Book
Language:Slovak
Published: Košice 2018
Tags: Add Tag
No Tags, Be the first to tag this record!

MARC

LEADER 00000nbm a2200000 4500
001 0244096
005 20181019122925.8
041 0 |a slo 
044 |a SK 
245 1 0 |a Prílev priamych zahraničných investícií v kontexte vývoja podnikateľského prostredia  |b diplomová práca  |c Alexandra Gerdová ; školiteľ: Aneta Bobenič Hintošová 
264 1 |a Košice  |c 2018 
300 |a 71 s. 
100 1 |a Gerdová, Alexandra 
700 1 |a Bobenič Hintošová, Aneta, 1979- 
710 2 |a Podnikovohospodárska fakulta EU so sídlom v Košiciach. Katedra manažmentu